| 000 | 01095cam a22001934a 4500 | ||
|---|---|---|---|
| 005 | 20250605164108.0 | ||
| 008 | 250528s ||||||||||||||||||||||||d | ||
| 035 | _a17806 | ||
| 020 | _a9789463722728 | ||
| 040 |
_aGR-AtMCL _bgre _dGR-AtMCL _eAACR2 |
||
| 245 | 1 | _aTheoterrorism v. Freedom of Speech / From Incident to Precedent | |
| 260 |
_bAmsterdam University Press, _c2019 |
||
| 300 | _a258 | ||
| 520 | _aThe Rushdie Affair, the Danish Cartoon Affair, the Assault on Charlie Hebdo, and the earlier Carrell Affair, are examples of religious fanatics' extreme reactions to religious satire and criticism. This book aims to understand their motives by means of the concept of Terrorism: terrorism grounded in the religious zealotry. Preface, The Rudi Carrell Affair in Germany, The Rudi Carrell Affair in the Netherlands, The Coherence of Theoterrorism, The Danish Cartoon Affair, The Rushdie Affair and Charles Taylor, The Rushdie Affair and Michael Dummett, Modern Hostage Taking, References, Index. | ||
| 700 | 1 |
_aCliteur Paul _94068 |
|
| 942 | _cBK | ||
| 999 |
_c3206 _d3206 |
||